Manual de investigación cualitativa (Record no. 524)
[ view plain ]
| 000 -LEADER | |
|---|---|
| fixed length control field | 01312nam a22003377a 4500 |
| 005 - DATE AND TIME OF LATEST TRANSACTION | |
| control field | 20211022102622.0 |
| 008 - FIXED-LENGTH DATA ELEMENTS--GENERAL INFORMATION | |
| fixed length control field | 211022b sp ||||| |||| 00| 0 spa d |
| 020 ## - INTERNATIONAL STANDARD BOOK NUMBER | |
| International Standard Book Number | 9788497843072 (o. c.) |
| 020 ## - INTERNATIONAL STANDARD BOOK NUMBER | |
| International Standard Book Number | 9878497843089 (v. 1) |
| 020 ## - INTERNATIONAL STANDARD BOOK NUMBER | |
| International Standard Book Number | 9788497843096 (v. 2) |
| 020 ## - INTERNATIONAL STANDARD BOOK NUMBER | |
| International Standard Book Number | 97884978843102 (v. 3) |
| 050 04 - LIBRARY OF CONGRESS CALL NUMBER | |
| Classification number | H62 |
| Item number | M36 2012 |
| 240 14 - UNIFORM TITLE | |
| Uniform title | The Sage handbook of qualitative research |
| Language of a work | español |
| 245 00 - TITLE STATEMENT | |
| Title | Manual de investigación cualitativa |
| Statement of responsibility, etc | / Norman K. Denzin, Yvonna S. Lincoln (coords.) ; traducción Cecilia Pavón...[et al.] |
| 250 ## - EDITION STATEMENT | |
| Edition statement | 1a ed. |
| 260 ## - PUBLICATION, DISTRIBUTION, ETC. (IMPRINT) | |
| Place of publication, distribution, etc | Barcelona, España : |
| Name of publisher, distributor, etc | Gedisa, |
| Date of publication, distribution, etc | 2012 |
| 300 ## - PHYSICAL DESCRIPTION | |
| Extent | 3 v. ; |
| Dimensions | 23 cm. |
| 490 0# - SERIES STATEMENT | |
| Series statement | Metodología de las Ciencias Sociales |
| 490 0# - SERIES STATEMENT | |
| Series statement | Herramientas Universitarias |
| 504 ## - BIBLIOGRAPHY, ETC. NOTE | |
| Bibliography, etc | Incluye bibliografía |
| 505 0# - FORMATTED CONTENTS NOTE | |
| Title | V. 1 El campo de la investigación cualitativa. |
| -- | V. 2 Paradigmas y perspectivas en disputa. |
| -- | V. 3 Las estrategias de investigación cualitativa. |
| 650 #7 - SUBJECT ADDED ENTRY--TOPICAL TERM | |
| Source of heading or term | lemb |
| Topical term or geographic name as entry element | Ciencias sociales |
| General subdivision | Investigación |
| 650 #4 - SUBJECT ADDED ENTRY--TOPICAL TERM | |
| Topical term or geographic name as entry element | Investigación cualitativa |
| 700 1# - ADDED ENTRY--PERSONAL NAME | |
| Personal name | Denzin, Norman K. |
| Relator term | coordinador |
| 700 1# - ADDED ENTRY--PERSONAL NAME | |
| Personal name | Lincoln, Yvonna S. |
| Relator term | coordinador |
| 700 1# - ADDED ENTRY--PERSONAL NAME | |
| Personal name | Bishop, Russell |
| Relator term | autor |
| 700 1# - ADDED ENTRY--PERSONAL NAME | |
| Personal name | Donnor, Jamel |
| Relator term | autor |
| 700 1# - ADDED ENTRY--PERSONAL NAME | |
| Personal name | Alexander, Bryant Keith |
| Relator term | autor |
| 700 1# - ADDED ENTRY--PERSONAL NAME | |
| Personal name | Pavón, Cecilia |
| Relator term | traductor |
| 942 ## - ADDED ENTRY ELEMENTS (KOHA) | |
| Source of classification or shelving scheme | Biblioteca del Cogreso de los Estados Unidos |
| Koha item type | Libro |
| Estado de pérdida | Fuente de clasificación | Estado del daño | No para préstamo | Ubicación permanente | Ubicación actual | Apartado o colección | Fecha de adquisición | Fuente de adquisición | Edición | Enumeración de Serie / Cronológica | Área del conocimiento | Total Checkouts | Clasificación | Código de Barras | Date last seen | Número de copia | Costo por reposición | Tipo de recurso |
|---|---|---|---|---|---|---|---|---|---|---|---|---|---|---|---|---|---|---|
| Biblioteca del Cogreso de los Estados Unidos | Biblioteca de la Facultad de Letras | Biblioteca de la Facultad de Letras | General | 14/10/2021 | Donación | 1a ed. | V : 1 | Ciencias Sociales y Administrativas | H62 M36 2012 | LLH000009638 | 14/10/2021 | 1 | 1.00 | Libro | ||||
| Biblioteca del Cogreso de los Estados Unidos | Biblioteca de la Facultad de Letras | Biblioteca de la Facultad de Letras | General | 14/10/2021 | Donación | 1a ed. | V : 2 | Ciencias Sociales y Administrativas | H62 M36 2012 | LLH000009639 | 14/10/2021 | 1 | 1.00 | Libro | ||||
| Biblioteca del Cogreso de los Estados Unidos | Biblioteca de la Facultad de Letras | Biblioteca de la Facultad de Letras | General | 14/10/2021 | Donación | 1a ed. | V : 3 | Ciencias Sociales y Administrativas | H62 M36 2013 | LLH000009640 | 14/10/2021 | 1 | 1.00 | Libro | ||||
| Biblioteca del Cogreso de los Estados Unidos | Biblioteca de la Facultad de Letras | Biblioteca de la Facultad de Letras | General | 22/10/2021 | Donación | 1a ed | V.1 | Ciencias Sociales y Administrativas | H62 M36 2012 | LLH000009689 | 22/10/2021 | 2 | 1.00 | Libro |